logo

Bir Sreshtho Munshi Abdur Rouf Library
Jhenaidah Cadet College

Half girlfriend / (Record no. 11358)

MARC details
000 -LEADER
fixed length control field 00974nam a2200325 a 4500
001 - CONTROL NUMBER
control field 11358
003 - CONTROL NUMBER IDENTIFIER
control field BD-JhCC
005 - DATE AND TIME OF LATEST TRANSACTION
control field 20221115134023.0
008 - FIXED-LENGTH DATA ELEMENTS--GENERAL INFORMATION
fixed length control field 190902s2014 ii 000 f eng d
010 ## - LIBRARY OF CONGRESS CONTROL NUMBER
LC control number 2014360982
020 ## - INTERNATIONAL STANDARD BOOK NUMBER
International Standard Book Number 9788129135728
020 ## - INTERNATIONAL STANDARD BOOK NUMBER
International Standard Book Number 8129135728
025 ## - OVERSEAS ACQUISITION NUMBER
Overseas acquisition number I-E-2014-360982; 26-92
035 ## - SYSTEM CONTROL NUMBER
System control number (BD-JhCC)11358
037 ## - SOURCE OF ACQUISITION
Source of stock number/acquisition Library of Congress -- New Delhi Overseas Office
040 ## - CATALOGING SOURCE
Original cataloging agency TXA
Language of cataloging eng
Transcribing agency TXA
Description conventions rda
Modifying agency YDXCP
-- DKAGE
-- DLC
-- BD-JhCC
042 ## - AUTHENTICATION CODE
Authentication code lccopycat
-- lcode
050 00 - LIBRARY OF CONGRESS CALL NUMBER
Classification number MLCS 2015/01137 (P)
050 #4 - LIBRARY OF CONGRESS CALL NUMBER
Classification number PR9499.3.B424
Item number H35 2014
082 04 - DEWEY DECIMAL CLASSIFICATION NUMBER
Classification number 823.92
Edition number 23
Item number BAH 2014
100 1# - MAIN ENTRY--PERSONAL NAME
Personal name Bhagat, Chetan,
Relator term author.
245 10 - TITLE STATEMENT
Title Half girlfriend /
Statement of responsibility, etc. Chetan Bhagat.
264 #1 - PRODUCTION, PUBLICATION, DISTRIBUTION, MANUFACTURE, AND COPYRIGHT NOTICE
Place of production, publication, distribution, manufacture New Delhi :
Name of producer, publisher, distributor, manufacturer Rupa,
Date of production, publication, distribution, manufacture, or copyright notice 2014.
300 ## - PHYSICAL DESCRIPTION
Extent viii, 260 pages ;
Dimensions 20 cm
336 ## - CONTENT TYPE
Content type term text
Content type code txt
Source rdacontent
337 ## - MEDIA TYPE
Media type term unmediated
Media type code n
Source rdamedia
338 ## - CARRIER TYPE
Carrier type term volume
Carrier type code nc
Source rdacarrier
650 #0 - SUBJECT ADDED ENTRY--TOPICAL TERM
Topical term or geographic name entry element Man-woman relationships
Form subdivision Fiction.
942 ## - ADDED ENTRY ELEMENTS (KOHA)
Source of classification or shelving scheme Dewey Decimal Classification
Koha item type Books
Koha issues (borrowed), all copies 28
Holdings
Withdrawn status Lost status Source of classification or shelving scheme Damaged status Not for loan Home library Current library Shelving location Date acquired Cost, normal purchase price Total Checkouts Full call number Barcode Date last seen Date last checked out Copy number Price effective from Koha item type
    Dewey Decimal Classification     JCC Rouf Library JCC Rouf Library General Stacks 09/02/2019 334.00 27 823.92 BAH 2014 15511 11/20/2025 11/13/2025 C-1 09/02/2019 Books

JCC Library | Contacts | JCC Home

Last Update on 23 September 2017
Copyright @ 2017-2020 JCC Rouf Library
Rouf Library, Jhenidah Cadet College (JCC), Bangladesh